Premier League Teams Top Scorer by Year, 2010s - Statistics

General Stats
  • This quiz has been taken 1,308 times
  • The average score is 59 of 146
Answer Stats
Answer % Correct
Pierre Emerick Aubameyang
94%
Alexis Sanchez
93%
Robin Van Persie
93%
Bruno Fernandes
89%
Mohamed Salah
89%
Romelu Lukaku
89%
Sadio Mane
89%
Alexandre Lacazette
88%
Wayne Rooney
88%
Demba Ba
87%
Sergio Aguero
87%
Zlatan Ibrahimovic
87%
Luis Suarez
86%
Marcus Rashford
86%
Anthony Martial
84%
Eden Hazard
84%
Harry Kane
84%
Dimitar Berbatov
83%
Jamie Vardy
81%
Jorginho
80%
Olivier Giroud
80%
Roberto Firmino
80%
Edin Dzeko
78%
Ilkay Gundogan
78%
Raheem Sterling
77%
Yaya Toure
74%
Gareth Bale
73%
Diego Costa
72%
Frank Lampard
71%
Richarlison
70%
Teemu Pukki
70%
Ollie Watkins
67%
Paul Pogba
67%
Dominic Calvert Lewin
66%
Wilfried Zaha
66%
Darren Bent
65%
Gylfi Sigurdsson
65%
Chris Wood
63%
Michail Antonio
63%
Philippe Coutinho
63%
Christian Benteke
62%
Dirk Kuyt
62%
Emmanuel Adebayor
62%
Raul Jimenez
62%
Callum Wilson
61%
Theo Walcott
61%
Aleksander Mitrovic
60%
Jack Grealish
60%
Danny Ings
59%
Steven Gerrard
59%
Andre Ayew
58%
Jordan Ayew
58%
Carlos Tevez
57%
Marko Arnautovic
57%
Thomas Soucek
56%
Patrick Bamford
53%
Neal Maupay
52%
Tammy Abraham
52%
Tim Cahill
49%
Clint Dempsey
47%
Josh King
47%
Xherdan Shaqiri
45%
Papiss Demba Cisse
44%
Troy Deeney
44%
Graziano Pelle
42%
Jermaine Defoe
42%
Peter Crouch
42%
Ruben Neves
42%
Daniel Sturridge
40%
Michu
40%
Wilfried Bony
40%
Rafael Van Der Vaart
38%
Salomon Rondon
36%
Florent Malouda
35%
Andy Carroll
33%
Charlie Adam
33%
James Ward Prowse
33%
Ashley Barnes
31%
Ayoze Perez
31%
Dmitri Payet
31%
Pedro Neto
31%
Glenn Murray
30%
Leonardo Ulloa
27%
Charlie Austin
25%
Alvaro Negredo
24%
Georginio Wijnaldum
24%
Luka Milivojevic
24%
Bobby Reid
23%
Rickie Lambert
22%
Yakubu
22%
Jay Rodriguez
21%
Marouane Fellaini
21%
Matheus Pereira
21%
Oli McBurnie
21%
Odion Ighalo
20%
Adam Johnson
19%
Nikica Jelavic
19%
David McGoldrick
18%
Fernando Llorente
17%
Kenwyne Jones
17%
Steven Fletcher
17%
Asamoah Gyan
16%
Gerard Deulofeu
16%
Jonjo Shelvey
16%
Loic Remy
16%
Mame Diouf
16%
Yannick Bolasie
16%
Saido Berahino
15%
DJ Campbell
13%
Yohan Cabaye
13%
Grant Holt
12%
Jonathan Walters
12%
Jason Roberts
11%
Johan Elmander
11%
Kevin Nolan
11%
Lys Mousset
11%
Sam Vokes
11%
Dwight Gayle
10%
Nathan Redmond
10%
Robert Snodgrass
10%
Hugo Rodallega
9%
Peter Odemwingie
9%
Stephane Sessegnon
9%
Steve Mounie
9%
Adam Le Fondre
8%
Arouna Kone
8%
Junior Hoilett
8%
Abdoulaye Doucoure
7%
Diafra Sakho
6%
Dieumerci Mbokani
6%
Franco Di Santo
5%
Nicklas Bendtner
5%
Victor Camarasa
5%
Connor Wickham
4%
Craig Gardner
4%
Danny Graham
4%
Nikola Kalinic
4%
Ivan Klasnic
3%
Jason Puncheon
3%
Jordon Mutch
3%
Karlan Grant
3%
Charles N'Zogbia
2%
Gary Hooper
2%
Heider Helguson
2%
Scott Dann
2%
Steve Sidwell
1%
No matching quizzes found
Score Distribution
Percent of People with Each Score
Percentile by Number Answered
Your Score History
You have not taken this quiz